Statistics for Halloween Creatures

Click here to take the quiz!

General Stats

  • This quiz has been taken 1,075 times
  • The average score is 12 of 15

Answer Stats

Hint Answer % Correct
Evil lady who flys around on broomsWitch
99%
Witches pet usually blackcat
98%
A creature that sucks humans boodvampire
97%
You can carve these round orange thingspumpkin
96%
Lives Under Bridgestroll
94%
Black flying creature that is associated with Halloweenbat
93%
A man/woman who can change into a wolfwerewolf
91%
The living undeadzombie
89%
A spirit of the deadghost
85%
Carved Pumpkin with a lightjack o lantern
84%
ITS ALIVE!!!!!!frankenstein
73%
WItches brew their potions in thesecauldron
69%
A creature that comes from Hell.demon
60%
These michevious creatures love to pull pranksgoblin
21%
He hides in your closetboogyman
20%

Score Distribution

Percentile by Number Answered

Percent of People with Each Score

Your Score History

You have not taken this quiz